| 000 | 004880000a22001690004500 | ||
|---|---|---|---|
| 003 | MACL | ||
| 005 | 20151230142645.0 | ||
| 008 | 151230b xxu||||| |||| 00| 0 eng d | ||
| 040 |
_aMACL _cMACL |
||
| 041 | _aEnglish | ||
| 082 | _a320.609 | ||
| 100 |
_aGovernment of India Planning Commision _924397 |
||
| 245 | _aFive Year Plan Progress Report for 1954-55 | ||
| 260 |
_bGovernment of India Planning Commision _c1956 |
||
| 650 |
_aPolitical Science _924933 |
||
| 942 |
_cBK _k320.60954 _2ddc |
||
| 999 |
_c39484 _d39484 |
||